000 01144cab a2200205 4500
001 L131059
008 050923n2005 000 0 eng u
035 _a(Sirsi) u131059
041 0 _aeng
100 1 _aCook, Geoff
245 0 0 _aLight reflectance values
260 _c2005
490 0 _aAccess by Design
_v (104) Autumn 2005, 13-16(4)
520 _aSummarises research into Light Reflectance Values (LRV) of articles such as door furniture, in respect of "BS 8300: 2001 Design of buildings and their approaches to meet the needs of disabled: code of practice", which uses very general terms regarding the identification of door furniture, such as handles, on doors. Details research methodology and conclusions. Results showed that in relation to a three-dimensional object, such as a lever handle, the LRV difference between it and its mounting surface is not as important as first thought. Lighting levels in general are a more important factor.
590 _aIKA270905
650 2 4 _aBS 8300: 2001
690 _aMANAGEMENT-BUSINESS MANAGEMENT-DISCRIMINATION-DISABILITY DISCRIMINATION
700 1 _aShirville, Graham
942 _n0
999 _c75931
_d75931